000 00561nam a2200229Ia 4500
003 OSt
005 20220923230110.0
006 a|||||r|||| 00| 0
007 ta
008 Pun
024 _a277,322
037 _cTextual
040 _aARTS
_cARTS
_bPun
041 _2Pun
_aPun
082 _aO153,3N24,MD, K4
100 _aਸੈਣੀ
245 0 _aਮਿਟੀ ਦੀ ਪੁਕਾਰ
260 _c1964
650 _aਪੰਜਾਬੀ ਸਾਹਿਤ
942 _hO153,3N24,MD, K4
_cTEXL
_2CC
999 _c382439
_d382439